000 00459nam a2200181Ia 4500
005 20250317131122.0
008 008 250317s9999 xx 000 0 eng d
037 _aTextbook
040 _aFMSL
_beng
_cFMSL
041 _aeng
_2eng
084 _qFMSL
100 _aChandler L V
_9738755
245 0 _aMonetory ficial system
260 _aHarper
_bHarper, & Row
_c1979
300 _a415p
942 _cTB
999 _c1266750
_d1266750